000 00211nam a2200097Ia 4500
001 644923
005 20250826153614.0
008 250824s9999 xx 000 0 und d
245 0 _aGam
_cHakan Yel
260 _bALTIN
999 _c644923
_d644923